00343nam a2200133Ia 4500003000500000005001700005008004100022040000800063082001900071100002500090245004800115260003400163300001200197NUST20190129115208.0190125s9999 xx 000 0 und d cDLC a624.15136bKAL aUtsav Chandra Kalita aSoil Mechanics and Foundation Engineering / bPHI LearningaNew Delhic2011 a267p. :